书目信息 |
| 题名: |
现实主义者的乌托邦
|
|
| 作者: | 布雷格曼 著 ;曾小楚 译 | |
| 分册: | ||
| 出版信息: | 北京 中信出版集团股份有限公司 2018 |
|
| 页数: | 248页 | |
| 开本: | 23cm | |
| 丛书名: | 见识丛书 | |
| 单 册: | ||
| 中图分类: | D089 | |
| 科图分类: | ||
| 主题词: | 乌托邦--研究 | |
| 电子资源: | ||
| ISBN: | 978-7-5086-9214-2 | |
| 000 | 01133nam0 2200253 450 | |
| 001 | 2057093423 | |
| 005 | 20201127155142.67 | |
| 010 | @a978-7-5086-9214-2@b精装@dCNY58.00 | |
| 100 | @a20190103d2018 em y0chiy50 ea | |
| 101 | 1 | @achi@cdut |
| 102 | @aCN@b110000 | |
| 105 | @aa z 000yy | |
| 200 | 1 | @a现实主义者的乌托邦@9xian shi zhu yi zhe de wu tuo bang@b专著@e如何建构一个理想世界@dUtopia for realists@ehow we can build the ideal world@f(荷)鲁特格尔·布雷格曼(Rutger Bregman)著@g曾小楚译@zeng |
| 210 | @a北京@c中信出版集团股份有限公司@d2018 | |
| 215 | @a248页@c图@d23cm | |
| 225 | 1 | @a见识丛书@v23 |
| 330 | @a本书作者辨析了“乌托邦”的含义,追述了乌托邦思想在历史上的产生过程,及其社会必然性与积极意义。主要内容包括:乌托邦的回归、为什么我们应该无条件地给每个人钱、终结贫穷、新时代的新数据、和机器赛跑、思想是如何改变世界的等。 | |
| 510 | 1 | @aUtopia for realists@ehow we can build the ideal world@zeng |
| 606 | 0 | @a乌托邦@x研究 |
| 690 | @aD089@v5 | |
| 701 | 0 | @c(荷)@a布雷格曼@9bu lei ge man@c(Bregman, Rutger)@4著 |
| 702 | 0 | @a曾小楚@9zeng xiao chu@4译 |
| 801 | 2 | @aCN@b58marc.cn@c20190110 |
| 905 | @aZUCC@dD089@e2 | |
| 现实主义者的乌托邦:如何建构一个理想世界=Utopia for realists:how we can build the ideal world/(荷)鲁特格尔·布雷格曼(Rutger Bregman)著/曾小楚译.-北京:中信出版集团股份有限公司,2018 |
| 248页:图;23cm.-(见识丛书;23) |
| ISBN 978-7-5086-9214-2(精装):CNY58.00 |
| 本书作者辨析了“乌托邦”的含义,追述了乌托邦思想在历史上的产生过程,及其社会必然性与积极意义。主要内容包括:乌托邦的回归、为什么我们应该无条件地给每个人钱、终结贫穷、新时代的新数据、和机器赛跑、思想是如何改变世界的等。 |
| ● |
| 相关链接 |
|
|
|
正题名:现实主义者的乌托邦
索取号:D089/2
 
预约/预借
| 序号 | 登录号 | 条形码 | 馆藏地/架位号 | 状态 | 备注 |
| 1 | 870717 | 2000870717 | 第二书库/ [索取号:D089/2] | 在馆 | |
| 2 | 870718 | 2000870718 | 第二书库/ [索取号:D089/2] | 在馆 | |
| 3 | 870719 | 2000870719 | 第二书库/ [索取号:D089/2] | 在馆 |